| 000 | 00000nam##2200000za#4500 |
| 001 | 9.698468 |
| 003 | CaOODSP |
| 005 | 20220901140053 |
| 007 | cr ||||||||||| |
| 008 | 150407|2002||||xxc|||||o f|0| 0 eng|d |
| 040 | |aCaOODSP|beng |
| 043 | |an-cn--- |
| 086 | 1 |aJ4-25/2002E-PDF |
| 110 | 1 |aCanada.|bJustice Canada. |
| 245 | 10|aParenting plan checklist |h[electronic resource] |
| 260 | |aOttawa - Ontario : |bJustice Canada |c[2002]. |
| 300 | |a7p. |
| 590 | |a13-22-Supp|b2013-09-26 |
| 690 | 07|aChild custody|2gcpds |
| 690 | 07|aParenting|2gcpds |
| 775 | 08|tListe de vérification pour les plans parentaux |w(CaOODSP)9.642475 |
| 856 | 40|ahttp://publications.gc.ca|qPDF|s112 KB|uhttps://publications.gc.ca/collections/collection_2013/jus/J4-25-2002-eng.pdf |